Egloga trágica

Đã lưu trong:
Chi tiết về thư mục
Tác giả chính: Zaldumbide, Gonzalo
Định dạng: Sách
Ngôn ngữ:Undetermined
Được phát hành: Quito, Ecuador Imprenta Municipal 1957
Phiên bản:2
Những chủ đề:
Các nhãn: Thêm thẻ
Không có thẻ, Là người đầu tiên thẻ bản ghi này!

MARC

LEADER 00000nam a2200000Ia 4500
008 170316s9999 xx 000 0 und d
040 |a cru BVZT 
090 |a 860 Z-2e 
100 |a Zaldumbide, Gonzalo 
245 |a Egloga trágica 
250 |a 2 
260 |a Quito, Ecuador 
260 |b Imprenta Municipal 
260 |c 1957 
300 |a 310 páginas 
650 |a LITERATURA LATINOAMERICANA 
999 |c 9335  |d 9335 
942 |c 15 D  |h 860 Z-2e  |2 z